000 00745nam a2200181 a 4500
005 20240920064415.0
008 991125s1971 mx 000 0 spa u
035 _aUPN01000055455
049 _aCG
050 4 _aLB3051
_bB5.88a
100 1 _aBloom, Benjamin S.
_q(Benjamin Samuel),
_d1913-1999
_930181
245 1 0 _aTaxonomía de los objetivos de la educación :
_bla clasificación de las metas educacionales : manuales I y II /
_cBenjamin S. Bloom y colab. ; tr. Marcelo Pérez Rivas.
260 _aMéxico :
_bCentro Regional de Ayuda Técnica, AID,
_c1971.
300 _a364 p.
440 0 _aBiblioteca nuevas orientaciones de la educación.
_pProblemática de la educación
650 4 _aEducación
_xFines y objetivos
_94837
905 _aLibro
999 _c55455
_d55455